书目信息 |
| 题名: |
粉墨春秋
|
|
| 作者: | 盖叫天 口述 ;龚义江 , 何慢 整理 | |
| 分册: | ||
| 出版信息: | 北京 中国戏剧出版社 1958 |
|
| 页数: | 156页 | |
| 开本: | 21cm | |
| 丛书名: | ||
| 单 册: | ||
| 中图分类: | J821.2 | |
| 科图分类: | ||
| 主题词: | 京剧-盖叫天-表演艺术 , 表演艺术-京剧-盖叫天 | |
| 电子资源: | ||
| ISBN: | ||
| 000 | 00745nam0 2200265 45 | |
| 001 | 0180000775 | |
| 005 | 20060820161835.17 | |
| 010 | @dCNY0.80 | |
| 100 | @a19950706d1958 em y0chiy0121 ea | |
| 101 | 0 | @achi |
| 102 | @aCN@b110000 | |
| 105 | @af z 000yy | |
| 200 | 10 | @a粉墨春秋@Afen mo chun qiu@f盖叫天口述@g何慢,龚义江整理 |
| 210 | @a北京@c中国戏剧出版社@d1958 | |
| 215 | @a156页@c照片@d21cm | |
| 600 | 0 | @a盖叫天-京剧-表演艺术 |
| 606 | @a京剧-盖叫天-表演艺术 | |
| 606 | @a表演艺术-京剧-盖叫天 | |
| 690 | @aJ821.2@v3 | |
| 701 | 0 | @a盖叫天@Agai jiao tian@4口述 |
| 702 | 0 | @a龚义江@Agong yi jiang@4整理 |
| 702 | 0 | @a何慢@Ahe man@4整理 |
| 801 | 0 | @aCN@bTSSF@c20060820 |
| 801 | 2 | @aCN@bNLC@c20060804 |
| 905 | @a10447@dJ821.2@e74 | |
| 粉墨春秋/盖叫天口述/何慢,龚义江整理.-北京:中国戏剧出版社,1958 |
| 156页:照片;21cm |
| ISBN :CNY0.80 |
| ● |
| 相关链接 |
|
|
|
|
正题名:粉墨春秋
索取号:J821.2/74
 
预约/预借
| 序号 | 登录号 | 条形码 | 馆藏地/架位号 | 状态 | 备注 |
| 1 | 0444596 | 204445966 | 密集书库/ [索取号:J821.2/74] | 在馆 | |
| 2 | 0467236 | 204672363 | 密集书库/ [索取号:J821.2/74] | 在馆 |